Prístupy k ponuke podnikov v podmienkach trvalo udržateľného rozvoja odborná monografia odborných prác projektu VEGA 1/0228/08

Enregistré dans:
Détails bibliographiques
Collectivité auteur: Ekonomická univerzita v Bratislave. Obchodná fakulta
Autres auteurs: Kita, Pavol
Format: Livre
Langue:slovaque
Publié: Bratislava Vydavateľstvo EKONÓM 2009
Sujets:
Tags: Ajouter un tag
Pas de tags, Soyez le premier à ajouter un tag!

MARC

LEADER 00000nam$a2200000$$$4500
001 0095622
005 20240530084244.0
020 |a 978-80-225-2756-9 
041 0 |a slo 
044 |a SK 
245 1 0 |a Prístupy k ponuke podnikov v podmienkach trvalo udržateľného rozvoja  |b odborná monografia odborných prác projektu VEGA 1/0228/08  |c zostavil Pavol Kita 
264 1 |a Bratislava  |b Vydavateľstvo EKONÓM  |c 2009 
300 |a 281 s. 
610 2 0 |a rozvoj trvalo udržateľný 
610 2 0 |a podnik 
610 2 0 |a environmentalistika 
610 2 0 |a prostredie životné 
610 2 0 |a ochrana prostredia životného 
700 1 |a Kita, Pavol 
710 2 |a Ekonomická univerzita v Bratislave. Obchodná fakulta